000 01101pam a2200325 a 4500
001 2787954
003 OSt
005 20260601121407.0
008 810817s1982 caua b 001 0 eng
010 _a 81012517
020 _a0716712792
020 _a9780716712794
035 _a2787954
040 _aDLC
_cDLC
_dDLC
050 0 0 _aQE431.2
_b.E38
082 0 0 _a552 E38 1982
_219
100 1 _aEhlers, Ernest G.
245 1 0 _aPetrology :
_bigneous, sedimentary, and metamorphic /
_cErnest G. Ehlers, Harvey Blatt.
260 _aSan Francisco :
_bFreeman,
_cc1982.
300 _axvi, 732 p. :
_bill. ;
_c24 cm.
336 _atext
_btxt
_2rdacontent
337 _aunmediated
_bn
_2rdamedia
338 _avolume
_bnc
_2rdacarrier
504 _aIncludes bibliographies and indexes.
650 0 _aPetrology - Igneous Rocks - Sedimentary Rocks - Metamorphic Rocks - Mineralogy - Geology - Earth Sciences
_vTextbooks.
700 1 _aBlatt, Harvey.
906 _a7
_bcbc
_corignew
_d1
_eocip
_f19
_gy-gencatlg
942 _2ddc
_cBK-EN
_n0
999 _c8934
_d8934